Normal view
MARC view
- PLOWMAN, E. GROSVENOR,PETERSON, ELMORE
Entry Personal Name
001 - CONTROL NUMBER
- control field: 58613
003 - CONTROL NUMBER IDENTIFIER
- control field: NUST
005 - DATE AND TIME OF LATEST TRANSACTION
- control field: 20210628202158.0
008 - FIXED-LENGTH DATA ELEMENTS
- fixed length control field: 210628|| aca||aabn | a|a d
040 ## - CATALOGING SOURCE
- Original cataloging agency: NUST
- Transcribing agency: NUST
100 ## - HEADING--PERSONAL NAME
- Personal name: PLOWMAN, E. GROSVENOR,PETERSON, ELMORE
670 ## - SOURCE DATA FOUND
- Source citation: Work cat.: (NUST): PLOWMAN, E. GROSVENOR,PETERSON, ELMORE, BUSINESS ORGANIZATION AND MANAGEMENT, 1949
